[Event "DSOL 05 Liga Gr-B 1st"]
[Site "Playchess.com INT"]
[Date "2020.07.31"]
[Round "6.2"]
[White "Ziegler, Mario"]
[Black "Moerke, Niklas"]
[Result "1-0"]
[WhiteElo "2017"]
[BlackElo "1770"]
[PlyCount "65"]
[EventDate "2020.06.22"]
[EventType "team-tourn (rapid)"]
[EventCountry "GER"]
[SourceTitle "EXT 2021"]
[Source "ChessBase"]
[SourceDate "2020.10.23"]
[SourceVersion "1"]
[SourceVersionDate "2020.10.23"]
[SourceQuality "1"]
[WhiteTeam "Birkenfeld"]
[BlackTeam "Bad Salzdetfurth"]
[WhiteTeamCountry "GER"]
[BlackTeamCountry "GER"]

1. d4 e6 2. Nf3 d5 3. e3 c5 4. c3 Nc6 5. Ne5 Qc7 6. f4 Nxe5 7. fxe5 Bd7 8. Bd3 Ne7 9. 0-0 Ng6 10. Nd2 c4 11. Bc2 Be7 12. Qh5 0-0 13. Rf3 h6 14. Rg3 Bg5 15. Nf3 Be8 16. Nxg5 hxg5 17. Rh3 f5 18. exf6 Rxf6 19. Qxg5 Qf7 20. Bd2 Rf2 21. Bxg6 Qxg6 22. Qxg6 Bxg6 23. Kxf2 Rf8+ 24. Rf3 Re8 25. h4 e5 26. dxe5 Rxe5 27. g4 Be4 28. Rf4 g5 29. hxg5 Rxg5 30. Kg3 a5 31. Raf1 Rg7 32. Rf8+ Kh7 33. R8f7 1-0

[Event "Oberliga Sued W 1415"]
[Site "Germany"]
[Date "2015.02.01"]
[Round "6.4"]
[White "Ziegler, Mario"]
[Black "Schluchter, Steffen"]
[Result "0-1"]
[WhiteElo "2088"]
[BlackElo "2192"]
[PlyCount "70"]
[EventDate "2014.09.21"]
[EventType "team-tourn"]
[EventRounds "9"]
[EventCountry "GER"]
[SourceTitle "EXT 2019"]
[Source "ChessBase"]
[SourceDate "2018.10.10"]
[SourceVersion "1"]
[SourceVersionDate "2018.10.10"]
[SourceQuality "1"]
[WhiteTeam "Illingen Turm"]
[BlackTeam "Worms"]
[WhiteTeamCountry "GER"]
[BlackTeamCountry "GER"]

1. d4 Nf6 2. Nf3 d5 3. e3 Bf5 4. c4 e6 5. Nc3 c6 6. Qb3 Qb6 7. c5 Qc7 8. Bd2 Nbd7 9. Rc1 h6 10. Be2 Be7 11. 0-0 0-0 12. Qa4 e5 13. b4 e4 14. Ne1 a6 15. Qd1 Rfe8 16. a4 Nf8 17. b5 axb5 18. axb5 Qd7 19. Rb1 Bg4 20. f3 exf3 21. Bxf3 Bf5 22. Ra1 N8h7 23. Be2 Ng5 24. Nf3 Nxf3+ 25. gxf3 Bh3 26. Re1 Nh7 27. Bd3 Bh4 28. Bxh7+ Kxh7 29. Re2 Qf5 30. Rxa8 Rxa8 31. Be1 Bxe1 32. Qxe1 Qxf3 33. e4 Ra3 34. Nd1 Qg4+ 35. Kh1 Rf3 0-1

[Event "Oberliga Sued W 1112"]
[Site "Germany"]
[Date "2012.04.15"]
[Round "9"]
[White "Ziegler, Mario"]
[Black "Kopp, Bjoern"]
[Result "1/2-1/2"]
[WhiteElo "2120"]
[BlackElo "2142"]
[PlyCount "26"]
[EventDate "2011.09.25"]
[EventType "team-tourn"]
[EventRounds "9"]
[EventCountry "GER"]
[SourceTitle "EXT 2013"]
[Source "ChessBase"]
[SourceDate "2012.11.22"]
[SourceVersion "1"]
[SourceVersionDate "2012.11.22"]
[SourceQuality "1"]
[WhiteTeam "Illingen"]
[BlackTeam "Landau"]
[WhiteTeamCountry "GER"]
[BlackTeamCountry "GER"]

1. d4 g6 2. Nf3 Bg7 3. e4 d6 4. Nc3 a6 5. a4 Nd7 6. Bc4 e6 7. Bg5 Ne7 8. Qd2 h6 9. Be3 Nf6 10. h3 b6 11. 0-0 d5 12. Bd3 Bb7 13. exd5 Nfxd5 1/2-1/2

[Event "Saarland-ch MA 87th"]
[Site "Voelklingen"]
[Date "2012.04.05"]
[Round "7"]
[White "Ziegler, Mario"]
[Black "Becker, Thomas2222"]
[Result "1-0"]
[WhiteElo "2120"]
[BlackElo "2138"]
[PlyCount "55"]
[EventDate "2012.03.30"]
[EventType "swiss"]
[EventRounds "7"]
[EventCountry "GER"]
[SourceTitle "EXT 2013"]
[Source "ChessBase"]
[SourceDate "2012.11.22"]
[SourceVersion "1"]
[SourceVersionDate "2012.11.22"]
[SourceQuality "1"]

1. d4 d5 2. Nf3 c6 3. e3 Nf6 4. Nbd2 g6 5. Bd3 Bg7 6. Ne5 0-0 7. 0-0 Nfd7 8. f4 f6 9. Nxd7 Nxd7 10. f5 e5 11. fxg6 e4 12. gxh7+ Kh8 13. Nxe4 dxe4 14. Bxe4 Nb6 15. Qh5 f5 16. Bd3 Nd5 17. Bd2 f4 18. exf4 Bxd4+ 19. Kh1 Bxb2 20. Rad1 Bg7 21. f5 Nf6 22. Qh4 Nd5 23. Qxd8 Rxd8 24. g4 Bd4 25. Rde1 Kxh7 26. f6+ Kg8 27. f7+ Kg7 28. Re8 1-0

[Event "Saarland-ch MA 87th"]
[Site "Voelklingen"]
[Date "2012.04.03"]
[Round "5"]
[White "Ziegler, Mario"]
[Black "Grewenig, Jan"]
[Result "1/2-1/2"]
[WhiteElo "2120"]
[BlackElo "1913"]
[PlyCount "63"]
[EventDate "2012.03.30"]
[EventType "swiss"]
[EventRounds "7"]
[EventCountry "GER"]
[SourceTitle "EXT 2013"]
[Source "ChessBase"]
[SourceDate "2012.11.22"]
[SourceVersion "1"]
[SourceVersionDate "2012.11.22"]
[SourceQuality "1"]

1. d4 Nf6 2. c4 c5 3. d5 b5 4. e4 Nxe4 5. Qf3 Nd6 6. cxb5 a6 7. bxa6 Bxa6 8. Bxa6 Nxa6 9. Nc3 Nb4 10. Qe2 e6 11. Nf3 Be7 12. 0-0 0-0 13. Re1 Nf5 14. Rd1 Qb6 15. Ne5 Rfd8 16. Qh5 g6 17. Qf3 Nc2 18. Rb1 Ncd4 19. Qh3 Qd6 20. Nc4 Qa6 21. b3 Qb7 22. Ne3 Qa6 23. Bb2 e5 24. Nxf5 Nxf5 25. Ne4 d6 26. g4 Nd4 27. Bxd4 cxd4 28. g5 Qc8 29. Qh4 h6 30. Nf6+ Bxf6 31. gxf6 Qf5 32. Qxh6 1/2-1/2

[Event "Oberliga Sued W 1112"]
[Site "Germany"]
[Date "2012.02.05"]
[Round "6"]
[White "Ziegler, Mario"]
[Black "Carow, Annelen"]
[Result "0-1"]
[WhiteElo "2120"]
[BlackElo "1860"]
[PlyCount "100"]
[EventDate "2011.09.25"]
[EventType "team-tourn"]
[EventRounds "9"]
[EventCountry "GER"]
[SourceTitle "EXT 2013"]
[Source "ChessBase"]
[SourceDate "2012.11.22"]
[SourceVersion "1"]
[SourceVersionDate "2012.11.22"]
[SourceQuality "1"]
[WhiteTeam "Illingen"]
[BlackTeam "Heidesheim"]
[WhiteTeamCountry "GER"]
[BlackTeamCountry "GER"]

1. d4 d5 2. Nf3 Nf6 3. e3 c5 4. c3 Nc6 5. Bd3 Bg4 6. Nbd2 e6 7. 0-0 Be7 8. Qe2 0-0 9. dxc5 Bxc5 10. e4 Ne5 11. Bc2 Nxf3+ 12. Nxf3 dxe4 13. Bxe4 Nxe4 14. Qxe4 Bxf3 15. Qxf3 Qc7 16. Bf4 e5 17. Bg3 f6 18. b4 Be7 19. Rfc1 Rad8 20. Qe3 Bd6 21. f3 b6 22. a4 f5 23. Qe2 Rfe8 24. a5 bxa5 25. Rxa5 Bxb4 26. Rxe5 Bc5+ 27. Kh1 Rxe5 28. Bxe5 Qd7 29. Qc4+ Qd5 30. Qxd5+ Rxd5 31. f4 a5 32. g3 a4 33. Ra1 a3 34. Ra2 Rd1+ 35. Kg2 Rb1 36. c4 Rc1 37. Kf3 Rxc4 38. Ke2 Ra4 39. Kd3 Kf7 40. Kc2 Ra7 41. Kb3 Ke6 42. Kc4 Bd6 43. Bd4 Ra4+ 44. Kd3 g6 45. Bg7 Kd5 46. Bf6 Bc5 47. Kc3 Re4 48. Rc2 Rc4+ 49. Kd3 Rxc2 50. Kxc2 Bd4 0-1

[Event "Oberliga Sued W 1112"]
[Site "Germany"]
[Date "2011.12.11"]
[Round "4"]
[White "Ziegler, Mario"]
[Black "Schlick, Volker"]
[Result "0-1"]
[WhiteElo "2120"]
[BlackElo "2304"]
[PlyCount "180"]
[EventDate "2011.09.25"]
[EventType "team-tourn"]
[EventRounds "9"]
[EventCountry "GER"]
[SourceTitle "EXT 2013"]
[Source "ChessBase"]
[SourceDate "2012.11.22"]
[SourceVersion "1"]
[SourceVersionDate "2012.11.22"]
[SourceQuality "1"]
[WhiteTeam "Illingen"]
[BlackTeam "Koblenz"]
[WhiteTeamCountry "GER"]
[BlackTeamCountry "GER"]

1. d4 g6 2. e4 Bg7 3. Nc3 c6 4. Be3 d5 5. Nf3 h5 6. Qd2 Nh6 7. Bd3 dxe4 8. Nxe4 Nf5 9. c3 Nd7 10. Bg5 Nf6 11. 0-0 Nxe4 12. Bxe4 0-0 13. Rfe1 Re8 14. Rad1 Nd6 15. Bc2 Bf5 16. Bb3 Ne4 17. Qf4 Nxg5 18. Nxg5 e6 19. Nf3 Qf6 20. Ne5 g5 21. Qe3 Rad8 22. Qe2 g4 23. Bc2 Rd5 24. Nd3 Qh6 25. Ne5 Bxc2 26. Qxc2 b6 27. Nd3 Red8 28. Nb4 R5d6 29. Qe4 Qh7 30. Qxh7+ Kxh7 31. Rb1 Kg6 32. Kf1 h4 33. Nc2 f5 34. Ne3 b5 35. a4 a5 36. axb5 cxb5 37. Red1 Kg5 38. g3 f4 39. gxf4+ Kxf4 40. Ke2 Bf6 41. Rg1 Rg8 42. h3 a4 43. Nxg4 Bh8 44. Nh6 Rg7 45. Rg4+ Rxg4 46. Nxg4 Ke4 47. Rg1 Kd5 48. Ne3+ Kc6 49. Rg8 Bf6 50. Rg6 Bd8 51. Kd3 Kd7 52. Rg7+ Kc6 53. Ke4 Ba5 54. Nc2 Rd8 55. Rh7 Rf8 56. Ke3 Bd8 57. Nb4+ Kd6 58. Nd3 Kd5 59. Rh5+ Rf5 60. Nb4+ Kc4 61. Rxf5 exf5 62. Nd3 Bg5+ 63. f4 Bh6 64. Kd2 b4 65. cxb4 Kxd4 66. b5 Bf8 67. b6 Bd6 68. b7 Kd5 69. Ke3 Kc4 70. Ne5+ Kb3 71. Kd3 Bc7 72. Kd4 Kxb2 73. Kc4 a3 74. Nd3+ Kb1 75. Nb4 Kb2 76. Nd3+ Kc2 77. Nb4+ Kd2 78. Kb3 Bxf4 79. Kxa3 Bd6 80. Kb3 f4 81. Kc4 f3 82. Nd3 Ke3 83. Kc3 Bb8 84. Kc2 Ke2 85. Kc3 f2 86. Nxf2 Kxf2 87. Kd3 Kg3 88. Ke3 Kxh3 89. Kf2 Kh2 90. Kf1 Ba7 0-1

[Event "Saarland-ch MA 85th"]
[Site "Homburg"]
[Date "2010.03.31"]
[Round "6"]
[White "Tabatt, Hendrik"]
[Black "Ziegler, Mario"]
[Result "1-0"]
[WhiteElo "2351"]
[BlackElo "2107"]
[PlyCount "39"]
[EventDate "2010.03.27"]
[EventType "swiss"]
[EventRounds "9"]
[EventCountry "GER"]
[SourceTitle "EXT 2011"]
[Source "ChessBase"]
[SourceDate "2010.11.26"]
[SourceVersion "1"]
[SourceVersionDate "2010.11.26"]
[SourceQuality "1"]

1. c4 g6 2. Nc3 Bg7 3. g3 Nc6 4. Bg2 d6 5. d3 e5 6. e3 Nf6 7. Nge2 0-0 8. 0-0 Bg4 9. Re1 Qd7 10. Qa4 h6 11. Bd2 Nh7 12. f4 exf4 13. gxf4 Bh3 14. Nd5 g5 15. Bc3 Qg4 16. Ng3 Bxg2 17. Kxg2 Bxc3 18. bxc3 Kh8 19. Qd1 Qh4 20. Nf5 1-0

[Event "Oberliga Sued W 0910"]
[Site "Germany"]
[Date "2010.01.24"]
[Round "5.8"]
[White "Ziegler, Mario"]
[Black "Hettergott, Thomas"]
[Result "1-0"]
[WhiteElo "2107"]
[BlackElo "2030"]
[PlyCount "83"]
[EventDate "2009.10.18"]
[EventType "team-tourn"]
[EventRounds "9"]
[EventCountry "GER"]
[SourceTitle "EXT 2011"]
[Source "ChessBase"]
[SourceDate "2010.11.26"]
[SourceVersion "1"]
[SourceVersionDate "2010.11.26"]
[SourceQuality "1"]
[WhiteTeam "Schwarzenbach"]
[BlackTeam "Heidesheim"]
[WhiteTeamCountry "GER"]
[BlackTeamCountry "GER"]

1. d4 d6 2. e4 Nf6 3. Nc3 g6 4. Be3 c6 5. a4 Nbd7 6. Nf3 Bg7 7. Qd2 0-0 8. Rd1 Qa5 9. Bd3 e5 10. dxe5 dxe5 11. 0-0 Nc5 12. Qe2 Bg4 13. h3 Bxf3 14. Qxf3 Ne6 15. Bc4 Nd4 16. Bxd4 exd4 17. Rxd4 Qc5 18. Rfd1 Ng4 19. b4 Ne5 20. bxc5 Nxf3+ 21. gxf3 Bxd4 22. Rxd4 Rad8 23. Rd6 b6 24. Rxc6 Rc8 25. Rxc8 Rxc8 26. Nd5 Rxc5 27. Bb3 Kg7 28. f4 Kh6 29. Kg2 Ra5 30. e5 b5 31. axb5 Rxb5 32. Kf3 a5 33. Ke4 Rb7 34. f5 g5 35. e6 fxe6 36. fxe6 Kg6 37. Ke5 h5 38. e7 Kf7 39. Kd6 Rb8 40. Nc7+ Kg6 41. Ke5 h4 42. f3 1-0

[Event "Oberliga Sued W 0910"]
[Site "Germany"]
[Date "2009.12.13"]
[Round "4.6"]
[White "Kopp, Bjoern"]
[Black "Ziegler, Mario"]
[Result "1/2-1/2"]
[WhiteElo "1683"]
[BlackElo "2107"]
[PlyCount "30"]
[EventDate "2009.10.18"]
[EventType "team-tourn"]
[EventRounds "9"]
[EventCountry "GER"]
[SourceTitle "EXT 2011"]
[Source "ChessBase"]
[SourceDate "2010.11.26"]
[SourceVersion "1"]
[SourceVersionDate "2010.11.26"]
[SourceQuality "1"]
[WhiteTeam "Schwarzenbach"]
[BlackTeam "Schwarzenbach"]
[WhiteTeamCountry "GER"]
[BlackTeamCountry "GER"]

1. e4 d6 2. Nc3 Nf6 3. f4 g6 4. Nf3 Bg7 5. d4 c5 6. dxc5 Qa5 7. Qd4 0-0 8. cxd6 Nxe4 9. Qxe4 Bxc3+ 10. bxc3 Qxc3+ 11. Kf2 Qxa1 12. dxe7 Re8 13. Bc4 Qf6 14. Ba3 h6 15. Re1 Nc6 1/2-1/2

[Event "Saarland-ch MB"]
[Site "Schiffweiler"]
[Date "2009.04.10"]
[Round "8"]
[White "Bender, Wolfgang"]
[Black "Ziegler, Mario"]
[Result "0-1"]
[WhiteElo "1961"]
[BlackElo "2118"]
[PlyCount "82"]
[EventDate "2009.04.03"]
[EventType "swiss"]
[EventRounds "9"]
[EventCountry "GER"]
[SourceTitle "EXT 2012"]
[Source "ChessBase"]
[SourceDate "2011.11.24"]
[SourceVersion "1"]
[SourceVersionDate "2011.11.24"]
[SourceQuality "1"]

1. d4 d5 2. c4 e6 3. Nc3 f5 4. Nf3 c6 5. cxd5 exd5 6. e3 Nf6 7. Bd3 Bd6 8. Qc2 Ne4 9. 0-0 0-0 10. Ne5 Be6 11. f4 Nd7 12. Qb3 Qb6 13. Qxb6 axb6 14. Nxe4 fxe4 15. Be2 b5 16. Nxd7 Bxd7 17. Bd2 b4 18. Rfc1 Ra7 19. Bd1 Kf7 20. h3 g6 21. b3 Rfa8 22. Rc2 b6 23. Be2 c5 24. Rb2 Be6 25. Kf2 Be7 26. g4 Bf6 27. f5 gxf5 28. gxf5 Bxf5 29. Bh5+ Bg6 30. Bxg6+ hxg6 31. Kg3 Ke6 32. Rc2 Be7 33. Kg2 Bd6 34. Be1 Rf7 35. Rf2 Rxf2+ 36. Bxf2 c4 37. Rc1 Rxa2 38. bxc4 dxc4 39. Rxc4 Kd5 40. Rc1 b3 41. Kf1 b2 0-1

[Event "Saarland-ch MB"]
[Site "Schiffweiler"]
[Date "2009.04.05"]
[Round "3"]
[White "Ziegler, Mario"]
[Black "Braun, Burkhard"]
[Result "1/2-1/2"]
[WhiteElo "2118"]
[BlackElo "1857"]
[PlyCount "79"]
[EventDate "2009.04.03"]
[EventType "swiss"]
[EventRounds "9"]
[EventCountry "GER"]
[SourceTitle "EXT 2012"]
[Source "ChessBase"]
[SourceDate "2011.11.24"]
[SourceVersion "1"]
[SourceVersionDate "2011.11.24"]
[SourceQuality "1"]

1. d4 e6 2. Nf3 Nf6 3. e3 b6 4. Bd3 Bb7 5. Nbd2 d5 6. 0-0 c5 7. c3 Bd6 8. Re1 0-0 9. Qe2 Ne4 10. Nf1 Nd7 11. Ng3 f5 12. c4 Ndf6 13. b3 Ng4 14. Rf1 cxd4 15. exd4 Qf6 16. Bb2 Qh6 17. Bc1 g5 18. Qc2 Rac8 19. h4 Bxg3 20. fxg3 dxc4 21. bxc4 Nxg3 22. Bxg5 Qg6 23. Rfe1 h6 24. Be7 Rf7 25. Bd6 Ne4 26. Bf4 Nef2 27. Kf1 Nxd3 28. Qxd3 Be4 29. Qb3 Rd7 30. Rad1 Rcd8 31. Be5 Nxe5 32. dxe5 Rd3 33. Rxd3 Rxd3 34. Qb4 Bxf3 35. gxf3 Rxf3+ 36. Ke2 Qg2+ 37. Kd1 Rd3+ 38. Kc1 Qxa2 39. Rg1+ Kf7 40. Rg7+ 1/2-1/2

[Event "Saarland-ch MB"]
[Site "Schiffweiler"]
[Date "2009.04.03"]
[Round "1"]
[White "Ziegler, Mario"]
[Black "Thiel, Jean Claude"]
[Result "1-0"]
[WhiteElo "2118"]
[BlackElo "2011"]
[PlyCount "85"]
[EventDate "2009.04.03"]
[EventType "swiss"]
[EventRounds "9"]
[EventCountry "GER"]
[SourceTitle "EXT 2012"]
[Source "ChessBase"]
[SourceDate "2011.11.24"]
[SourceVersion "1"]
[SourceVersionDate "2011.11.24"]
[SourceQuality "1"]

1. d4 e6 2. Nf3 f5 3. c4 Nf6 4. Nc3 d5 5. g3 c6 6. Qc2 Be7 7. Bg2 0-0 8. 0-0 Bd7 9. Ne5 Be8 10. cxd5 cxd5 11. Bg5 h6 12. Bxf6 Rxf6 13. e3 g5 14. f4 Nc6 15. Nd3 Kg7 16. a3 Na5 17. Rac1 g4 18. Ne5 h5 19. Na4 Bd6 20. Nc5 Rb8 21. b4 Nc6 22. Nxb7 Rxb7 23. Nxc6 Qd7 24. Ne5 Qe7 25. Rf2 h4 26. Bf1 Rc7 27. Qb2 hxg3 28. hxg3 Rxc1 29. Qxc1 Rh6 30. Qc2 Kf8 31. Rh2 Qh7 32. Rxh6 Qxh6 33. Qc8 Bxe5 34. dxe5 Qg6 35. Bb5 Qf7 36. Kf2 Qe7 37. Ke2 Kf7 38. Qxe8+ Qxe8 39. Bxe8+ Kxe8 40. Kd3 Kd7 41. b5 Kc7 42. Kc3 Kb6 43. Kb4 1-0

[Event "Oberliga Sued W 0809"]
[Site "Germany"]
[Date "2009.03.15"]
[Round "8.8"]
[White "Krieger, Hermann"]
[Black "Ziegler, Mario"]
[Result "1-0"]
[WhiteElo "2217"]
[BlackElo "2118"]
[PlyCount "91"]
[EventDate "2008.10.05"]
[EventType "team-tourn"]
[EventRounds "11"]
[EventCountry "GER"]
[SourceTitle "EXT 2012"]
[Source "ChessBase"]
[SourceDate "2011.11.24"]
[SourceVersion "1"]
[SourceVersionDate "2011.11.24"]
[SourceQuality "1"]
[WhiteTeam "Ludwigshafen"]
[BlackTeam "Schwarzenbach"]
[WhiteTeamCountry "GER"]
[BlackTeamCountry "GER"]

1. e4 d6 2. d4 Nf6 3. Nc3 g6 4. Be3 c6 5. h3 b5 6. e5 dxe5 7. dxe5 Qxd1+ 8. Rxd1 Nfd7 9. f4 Bh6 10. Nf3 0-0 11. g4 Nb6 12. g5 Bg7 13. Bg2 b4 14. Ne2 Nd5 15. Bc1 e6 16. Ng3 Bd7 17. Ne4 Na6 18. h4 Rfd8 19. h5 Nac7 20. hxg6 fxg6 21. Kf2 Rf8 22. Rh4 Rf7 23. Nf6+ Kf8 24. Rxh7 Rd8 25. c4 bxc3 26. bxc3 Bxf6 27. exf6 Rxh7 28. Ba3+ Kg8 29. c4 Nb6 30. Ne5 Re8 31. Bc5 Nbd5 32. cxd5 cxd5 33. Nxg6 Rb8 34. Ne5 Rb2+ 35. Kg3 Be8 36. g6 Bxg6 37. Nxg6 Rxa2 38. Ne5 Rc2 39. Rb1 Rc3+ 40. Bf3 Na6 41. Bd4 Rcc7 42. f5 exf5 43. Bxd5+ Kf8 44. Ng6+ Ke8 45. Re1+ Kd7 46. f7 1-0

[Event "Oberliga Sued W 0708"]
[Site "Germany"]
[Date "2007.11.25"]
[Round "3.7"]
[White "Kessler, Andreas"]
[Black "Ziegler, Mario"]
[Result "1-0"]
[WhiteElo "2135"]
[BlackElo "2121"]
[PlyCount "151"]
[EventDate "2007.10.21"]
[EventType "team-tourn"]
[EventRounds "9"]
[EventCountry "GER"]
[SourceTitle "EXT 2009"]
[Source "ChessBase"]
[SourceDate "2008.11.26"]
[SourceVersion "1"]
[SourceVersionDate "2008.11.26"]
[SourceQuality "1"]
[WhiteTeam "Kaiserslautern"]
[BlackTeam "Schwarzenbach"]
[WhiteTeamCountry "GER"]
[BlackTeamCountry "GER"]

1. d4 Nf6 2. Nc3 g6 3. e4 d6 4. Bg5 c6 5. a4 Nbd7 6. Bc4 e5 7. d5 h6 8. Bh4 Qc7 9. Qd3 Be7 10. Nge2 g5 11. Bg3 Nh5 12. f3 Nf4 13. Nxf4 exf4 14. Bf2 Ne5 15. Qe2 Bf6 16. Bb3 Bd7 17. a5 c5 18. Ba4 Bxa4 19. Rxa4 a6 20. Nb1 Qd7 21. Ra2 Qb5 22. b3 0-0 23. Nd2 Rae8 24. Ra4 Bg7 25. c4 Qd7 26. 0-0 Ng6 27. Qd3 Be5 28. Rb1 Kh8 29. Ra2 Rg8 30. g4 fxg3 31. hxg3 Qh3 32. Qf1 Qd7 33. Qg2 Kh7 34. Be3 Nf4 35. Qh2 f5 36. Kf1 Nd3 37. Ke2 Nb4 38. Rh1 Qg7 39. Ra4 Nc2 40. Bf2 Nd4+ 41. Bxd4 Bxd4 42. Kd1 Rgf8 43. Qh5 Qg6 44. b4 Qxh5 45. Rxh5 Kg6 46. Rh2 Re7 47. bxc5 Bxc5 48. Re2 fxe4 49. Nxe4 Rfe8 50. g4 Bd4 51. Rb4 Be5 52. Rb6 Kg7 53. Nxd6 Bxd6 54. Rxe7+ Rxe7 55. Rxd6 Rc7 56. Rb6 Rxc4 57. Rxb7+ Kf6 58. Ke2 Rd4 59. Rb6+ Ke5 60. Rxh6 Rxd5 61. Rxa6 Rb5 62. Rg6 Kf4 63. Rf6+ Kg3 64. Rf5 Rb2+ 65. Kd3 Ra2 66. Kc3 Ra1 67. Kb2 Ra4 68. Kb3 Ra1 69. Kb4 Rb1+ 70. Kc5 Ra1 71. Kb6 Re1 72. a6 Re6+ 73. Kb5 Re7 74. Rf6 Re1 75. a7 Re8 76. Kb6 1-0